00553nam a2200157Ia 4500008004000000020001800040082001600058100002200074245006800096260004800164300001100212690001800223906001100241999001700252952012600269210210b1991 xxu||||| |||| 00| 0 eng d a81 7169 141 2 a303.62 KUMC aKUMAR (Akhilesh). aCommunal riots in India.: study of social and economic aspects. aNew Delhi.bCommonwealth Publishers.,c1991 aix,163 aSocial Change a050687 c99051d99051 001040708SociologyaALbALcSociologyd2021-02-17g180.00l0o303.62 KUMCp050687r2021-02-17 00:00:00w2021-02-17yBK